| 000 | 00470nam a2200121Ia 4500 | ||
|---|---|---|---|
| 008 | 160712s9999 xx 000 0 und d | ||
| 100 | _aAragones, Lemnuel V. | ||
| 245 |
_cLemnuel V. Aragones, _aDolphin Watching in the Southern TaƱon Strait Protected Seascape, Philippines: Issues and Challenges |
||
| 260 |
_c2013 _bScience Diliman |
||
| 300 | _avol. 25 no. 2 | ||
| 650 | _xSCIENCE | ||
| 856 | _uhttp://journals.upd.edu.ph/index.php/sciencediliman/issue/view/409/showToc | ||
| 999 |
_c297344 _d297344 |
||